000 00483nab a2200145Ia 4500
003 ES-SlBCS
005 20220121011005.0
008 140529s1986 xxu||||| |||| 00| 0 por d
041 _apor
100 1 _aSiebeneichler, Flávio Beno
_9209602
245 0 0 _aKarl Jaspers, o Médico que seu tornou Filósofo
_c Flávio bENO Siebeneichler
600 1 0 _aJaspers, Karl
_d1883-1969
_994729
773 0 _tPresença Filosofica
_gvol. 12, nº. 1-2-3-4, 1986, págs. 175-179
_wRev966
942 _cAR
999 _c602722
_d602722